000 00678nam a2200229Ia 4500
003 OSt
005 20230401093654.0
008 210423s2000 xx 000 0 und d
020 _a1856497925
040 _cAL
041 _aeng
082 _a332 BELW
100 _aBELLO (Walden);others
_981390
245 _aGlobal finance: new thinking on regulating speculative capital markets
260 _aDhaka
_bUniversities Press
_c2000
300 _axii,244
_bPB
365 _b1677
_cINR
650 _aEconomics
_981391
650 _aFinancial Economics
_981392
906 _acapital ; finance: ; Global ; markets ; new ; regulating ; speculative ; thinking
942 _2ddc
_cBK
999 _c157779
_d157779